| 000 | 00553 a2200205 4500 | ||
|---|---|---|---|
| 005 | 20260312113446.0 | ||
| 008 | 260311b |||||||| |||| 00| 0 eng d | ||
| 020 |
_a9789384007423 _cRs. 395.00 |
||
| 040 | _aMAIN | ||
| 082 |
_a537.6 _bB117B |
||
| 100 | _aBabington, James | ||
| 245 | _aBasic electromagnetic theory | ||
| 260 |
_bMedtech Science Press _c2026 _aNew Delhi |
||
| 300 | _aix. 186 | ||
| 440 | _aMedtech Introductory Physics Series | ||
| 650 | _aPhysics | ||
| 650 | _aElectricity and Electronics | ||
| 650 | _aMagnetism | ||
| 942 | _cBK | ||
| 999 |
_c396416 _d396416 |
||